000 00414cam a22001457a 4500
008 180718b1995 xxu||||| |||| 00| 0 eng d
020 _a8122003982
082 _aT19x54 P218
245 _aMid-Year review of the economy 1994-95
_cedited by Kirit S. Parikh
260 _aDelhi
_bKonark
_c1995
300 _a247p.
650 _aIndia - Economic policy
650 _aEconomic development
700 _aParikh, Kirit S.
999 _c480970
_d480970